| 000 | 01023nam a2200229 a 4500 | ||
|---|---|---|---|
| 001 | 57348 | ||
| 005 | 20180714053509.0 | ||
| 008 | 140415s1991 mx 000 0 spa d | ||
| 020 | _a9681636406 | ||
| 041 | _aspa | ||
| 082 |
_a338.941 _bVIC |
||
| 100 | 1 | _aVICKERS, JOHN | |
| 245 | 1 | 3 | _aUN ANALISIS ECONOMICO DE LA PRIVATIZACION |
| 250 | _a1a ed. | ||
| 260 |
_aMEXICO : _bFONDO DE CULTURA ECONOMICA, _c1991 |
||
| 300 |
_a111 _c13.7 x 3.5 x 21 |
||
| 490 | _aECONOMIA CONTEMPORANEA | ||
| 520 | _aEN UN ANÁLISIS ECONÓMICO DE LA PRIVATIZACIÓN LOS AUTORES HACEN UNA ÚTIL RESEÑA DE LAS TEORÍAS ECONÓMICAS QUE HAN SERVIDO DE BASE PARA LAS POLÍTICAS DE PRIVATIZACIÓN,TENIENDO EN PERSPECTIVA LAS DIFERENCIAS ENTRE LAS EMPREAS PÚBLICAS Y LAS PRIVADAS Y LAS NECESIDADES TECNOLÓGICAS Y ESTRUCTURALES DE LA INDUSTRIA MODERNA | ||
| 650 | 1 | 4 |
_aPRIVATIZCION _xGRAN BRETAA _xPRIVATIZACION _xGRAN BRETAA _xESTUDIO DE CASOS |
| 740 | _aPRIVATIZATION: AN ECONOMIC ANALYSIS | ||
| 700 | 1 |
_aYARROW, GEORGE _ecoaut. |
|
| 999 |
_c57348 _d57348 |
||